| 000 | 00451nam a2200181Ia 4500 | ||
|---|---|---|---|
| 005 | 20250603145656.0 | ||
| 008 | 250603s9999 xx 000 0 und d | ||
| 020 | _a9789811590610 | ||
| 050 | _aQK 898 .N2 .M85/ | ||
| 100 | _aEdited by Mukherjee, Soumya | ||
| 245 | 0 | _aRhizobiology | |
| 260 | _aSwitzerland | ||
| 260 | _bSpringer International Publishing | ||
| 260 | _c2024 | ||
| 300 | _axii, 442.: ill. | ||
| 650 | _aSwitzerland | ||
| 942 | _cBK | ||
| 999 |
_c42524 _d42524 |
||